| 000 | 00352pam a2200157a 44500 | ||
|---|---|---|---|
| 008 | 230515b1988 xxu||||| |||| 00| 0 eng d | ||
| 020 | _aNULL | ||
| 041 | _aENGLISH | ||
| 082 | _a621.81 KOD | ||
| 100 | _aKODRATAFF YUES | ||
| 245 | _aINTRODUCTION TO MACHINE LEARNING | ||
| 250 | _a1 | ||
| 260 |
_a _bPITMAN _c1988 |
||
| 300 | _a298 | ||
| 650 | _aNULL | ||
| 999 |
_c637429 _d637429 |
||